000 01170nam a2200229Ia 4500
999 _c40729
_d40729
001 7367
003 GE_BSU
005 20221003111432.0
008 181216s2011||||ge |||||||||||||| ||geo||
020 _a9789941912597
040 _cGE_BSU
041 _ageo
080 _a342(075.8) დ-32
100 _aდემეტრაშვილი, ავთანდილ
_914944
245 _aკონსტიტუციური სამართალი :
_bსახელმძღვანელო ბაკალავრიატის სტუდენტებისათვის /
_cავთანდილ დემეტრაშვილი, ირაკლი კობახიძე.
264 _aთბილისი :
_bსაგამომც. სახლი "ინოვაცია",
_c2011.
300 _a504 გვ.;
_b20 სმ.
653 _aკონსტიტუციური სამართალი
653 _aსაქართველოს კონსტიტუციური სამართალი
700 _aკობახიძე, ირაკლი
_eავტორი
_9134
942 _cBK
_2udc